Fejezetek a Kassai Kereskedelmi- és Iparkamara történetéből

Bibliographic Details
Main Author: Havasi, Péter, 1950- (Author)
Format: Article
Language:Hungarian
PhysicalDescription:Fotogr.
Subjects:

MARC

LEADER 00000nab a2200000 a 4500
001 vtls010429556
003 SK-MaSNL
005 20260318122716.0
008 120613|2012 xo m| | |00 0|hun
038 |a KEVKJB 
040 |a KEVKJB  |b slo  |c KEVKJB  |e AACR2 
041 0 |a hun 
044 |a xo  |c SK 
080 |a 347.731.41  |2 2001 
100 1 |a Havasi, Péter,  |d 1950-  |4 aut  |9 473075 
245 1 0 |a Fejezetek a Kassai Kereskedelmi- és Iparkamara történetéből  |c Havasi Péter 
300 |b Fotogr. 
610 2 7 |a Obchodná a priemyselná komora (Košice, Slovensko)  |2 snkbucl  |9 256875 
630 0 7 |a Kapitoly z dejín Obchodnej a priemyselnej komory v Košiciach (kniha)  |2 kevkjb  |9 1549951 
650 0 7 |a priemyselné komory  |2 kevkjb  |9 266704 
650 0 7 |a obchodné komory  |2 kevkjb  |9 4627 
651 7 |a Košice (Slovensko)  |2 kevkjb  |9 18694 
773 0 |t Kassai Figyelő  |g Évf. X, sz. 5 (2012), o. 7 
852 |a KEVKJB  |b KIS3GCP 
958 |a HU 
999 |c 3145992  |d 3147922